La asombrosa excursión de Zamba en la casa de Tucumán /
Zamba visita la casa histórica de Tucumán y es absorbido por un cuadro que lo lleva al Congreso que sancionará la Independencia el 9 de Julio de 1816. Allí se encuentra con Belgrano y se entera de la difícil situación política que se vive. Para ayudar a la Independencia viaja junto a la Niña y chara...
Guardado en:
| Autores Corporativos: | , |
|---|---|
| Otros Autores: | |
| Formato: | |
| Publicado: |
Argentina,
2011
|
| Series: | La Asombrosa Excursión De Zamba /
|
| Materias: | |
| Etiquetas: |
Agregar Etiqueta
Sin Etiquetas, Sea el primero en etiquetar este registro!
|
| LEADER | 01494ngm a22003015g 4500 | ||
|---|---|---|---|
| 001 | CEM.cems023110 | ||
| 008 | 130507s2011##################0###0#####d | ||
| 005 | 20241212154622.0 | ||
| 245 | 1 | 0 | |a La asombrosa excursión de Zamba en la casa de Tucumán / |c El perro en la Luna. |
| 260 | |a Argentina, |c 2011 | ||
| 300 | |a 20'. | ||
| 490 | 0 | |a La Asombrosa Excursión De Zamba / | |
| 500 | |a Consultar en ventanilla. | ||
| 520 | |a Zamba visita la casa histórica de Tucumán y es absorbido por un cuadro que lo lleva al Congreso que sancionará la Independencia el 9 de Julio de 1816. Allí se encuentra con Belgrano y se entera de la difícil situación política que se vive. Para ayudar a la Independencia viaja junto a la Niña y charango hasta la Liga de los Pueblos Libres para entregarle una carta muy importante a Artigas, pero el maléfico Capitán Realista intentará impedirlo. Acción, aventura y explosiones en nuevo capítulo de La Asombrosa Excursión de Zamba. | ||
| 538 | |a Soporte: DVD - Color: Si - Grabación DRD 2012 | ||
| 590 | |a Identificación SIABUC: DVD Nº127 | ||
| 110 | 2 | |a El perro en la Luna. | |
| 700 | 1 | |a Saravia, Alejo; Producción. | |
| 710 | 2 | |a Paka Paka. | |
| 082 | 9 | 8 | |/ SAR-1 |
| 653 | |a CONGRESO DE TUCUMAN | ||
| 653 | |a INDEPENDENCIA | ||
| 653 | |a 9 DE JULIO | ||
| 653 | |a HISTORIA | ||
| 653 | |a HISTORIA ARGENTINA | ||
| 653 | |a NIVEL PRIMARIO | ||
| 653 | |a NIVEL SECUNDARIO | ||
| 859 | |a CEMS |b BIB. CEMS - Depto. Recursos Didacticos |h 982 |i SAR-1 |k DRD |p 1753.13 |t Ej.1 | ||
